| 000 | 00627nam a2200193Ii 4500 | ||
|---|---|---|---|
| 003 | JO-AjNU | ||
| 008 | 230605s9999||||xx |||||||||||||| ||und|| | ||
| 040 |
_aJO-AjNU _bara _erda _cJO-AjNU |
||
| 041 | _aara | ||
| 050 | 1 | 4 | _aBJ1291.B3788.2005 |
| 100 | 3 |
_aالبطحيش،مصطفى عبد الجواد, _eauthor _922622 |
|
| 245 | 0 | 0 | _aكيف تصبح سعيدا؟ |
| 264 | 3 | 1 | _aد.م:مصطفى عبد الجواد البطحيش ،2005 |
| 300 | _a250ص | ||
| 336 |
_atext _btxt _2rdacontent |
||
| 337 |
_aunmediated _bn _2rdamedia |
||
| 338 |
_avolume _bnc _2rdacarrier |
||
| 650 | 4 |
_aالاخلاق الاسلامية _922623 |
|
| 999 |
_aA8059 _c11627 _d11627 |
||